000 00504nam a2200193Ia 4500
005 20250508164118.0
008 008 250505s9999 xx 000 0 eng d
020 _a81-7304-491-0
037 _aTextual
040 _aFEDL
_beng
_cFEDL
041 _aeng
_2eng
084 _a500, RAV
_qFEDL
100 _aRavi V S
_9777360
245 0 _aAs I see it
260 _aNew Delhi, India
_bManohar Publishers
_c2003
300 _a204p.
942 _cTEXL
_h500, RAV
999 _c1387107
_d1387107